00278nam a2200085Ia 4500245008700000100003800087942000700125008004100132999001900173 0aOperational risk management : the practical application of a qualitative approach  a Young, Jackie Pretoria, 2006  cBK210825s9999 xx 000 0 und d c555348d555347